LotR: How old was Frodo when....? - Statistics

General Stats
  • This quiz has been taken 31 times
  • The average score is 4 of 6
Answer Stats
Question Answer % Correct
When the Ring was destroyed? 50
85%
When he sailed to the Undying Lands? 53
85%
When he inherited Bag End and the Ring from Bilbo? 33
74%
When Saruman was killed? 51
67%
When his parents died? 12
41%
When Bilbo adopted him? 21
15%
No matching quizzes found
Score Distribution
Percent of People with Each Score
Percentile by Number Answered
Your Score History
You have not taken this quiz